Cáncer /
Guardado en:
| Formato: | |
|---|---|
| Series: | Reloj de la historia
|
| Materias: | |
| Etiquetas: |
Agregar Etiqueta
Sin Etiquetas, Sea el primero en etiquetar este registro!
|
| LEADER | 00803ngm a22002535g 4500 | ||
|---|---|---|---|
| 001 | CEM.cems021894 | ||
| 008 | 130507b1993##################0###0#####d | ||
| 005 | 20240919142900.0 | ||
| 245 | 0 | 0 | |a Cáncer / |
| 300 | |a 04 | ||
| 490 | 0 | |a Reloj de la historia | |
| 500 | |a En soporte VHS, consultar en ventanilla. | ||
| 505 | 0 | |a Informe sobre el cáncer y las causas que lo provocan. El cigarrillo. Prevención. | |
| 538 | |a Soporte: VHS - Norma: Pal N - Color - Grabación DRD 1993 - Hitachi=4680 | ||
| 082 | 6 | 1 | |. 9/ENF |
| 653 | |a MEDICINA | ||
| 653 | |a EDUCACION PARA LA SALUD | ||
| 653 | |a ENFERMEDADES | ||
| 653 | |a CANCER | ||
| 653 | |a SALUD | ||
| 653 | |a CIGARRILLO | ||
| 653 | |a NIVEL PRIMARIO | ||
| 653 | |a NIVEL INICIAL | ||
| 859 | |a CEMS |b BIB. CEMS - Depto. Recursos Didacticos |h 616.9 |i ENF |k DRD |p 537.12 |t Ej.1 | ||
